|
|
|
|
| LEADER |
00000nas a2200000 i 4500 |
| 001 |
ssj0001071815 |
| 003 |
WaSeSS |
| 005 |
20200512172242.0 |
| 006 |
m d |
| 007 |
cr n |
| 008 |
131212u20uuuuuuxv q| p|s|||||| |0slv d |
| 035 |
|
|
|a (WaSeSS)ssj0001071815
|
| 040 |
|
|
|a WaSeSS
|b eng
|c WaSeSS
|d WaSeSS
|
| 041 |
|
|
|a slv
|a eng
|
| 050 |
1 |
4 |
|a LC4051
|
| 245 |
0 |
0 |
|a Defektologica slovenica
|h [electronic resource].
|
| 260 |
|
|
|a Ljubljana, Slovenia :
|b CenterKontura d.o.o. (druzba za svetovanje, socialni razvoj, usposabljanje in zaloznistvo)
|
| 310 |
|
|
|a Quarterly
|
| 506 |
|
|
|a License restrictions may limit access.
|
| 546 |
|
|
|a In Slovenian and English.
|
| 588 |
|
|
|a Description based on: April 2009; title from title screen (ProQuest, viewed Dec. 12, 2013).
|
| 588 |
|
|
|a Latest issue consulted: December 2011 (viewed Dec. 12, 2013).
|
| 650 |
|
0 |
|a Students with disabilities
|x Education (Elementary)
|v Periodicals.
|
| 650 |
|
0 |
|a Children with social disabilities
|x Education
|v Periodicals.
|
| 655 |
|
0 |
|a Electronic journals.
|
| 776 |
0 |
8 |
|i Print version:
|t Defektologica slovenica
|x 1318-1076
|
| 856 |
4 |
0 |
|z Full text available from Research Library: 04/01/2009 to 12/31/2011
|u https://search.proquest.com/publication/2029208
|